000 01066nam a22003377a 4500
003 CHAP
005 20220329140026.0
008 971013s1944 r 00010 d
010 _a45803
011 _a46775
035 _a50916
040 _cCHAP
090 _aTesis
100 0 0 _aRendón Vigueras, Armando.
_995945
245 _aProyecto para ordenar la explotación resinífera y maderera en los bosques de Zoquiapan y Anexas
260 _a(s.l.) :
_bEl autor,
_c1944
300 _a71 h.
_b: ilus.
502 _aTesis (Ing. Agr.) --
590 _aALEPH
_b10
_c20130110
_lUCH01
_h1315
590 _aBATCH-UPD
_b10
_c20130110
_lUCH01
_h1415
590 _aBATCH-UPD
_b10
_c20130410
_lUCH01
_h0900
590 _aBATCH-UPD
_b10
_c20130914
_lUCH01
_h0714
590 _aCONVERSION
_b10
_c20130109
_lUCH01
_h1325
650 1 4 _aBosques
_xAdmistración.
_914044
650 1 4 _aGomas y resinas.
_948606
650 1 4 _aResina de pino.
_996121
901 _aBK
942 _cFOLL
949 _bBC
_cTES
_d-114251
_eTS1
_i50916
_si
949 _bBC
_cTES
_d-114254
_eTS2
_fc.2
_i50916
_si
999 _c45803
_d45803